000 00696nam a2200289Ia 4500
005 20260324113013.0
008 008 260324s9999 xx 000 0 eng d
020 _a9781032692173
037 _aEBOOK
040 _aCRL
040 _beng
040 _cCRL
041 _2eng
041 _aeng
084 _qCRL
100 _aNesimi Ertugrul
_91145032
245 0 _aReinventing the Power Grid
245 0 _bRenewable Energy, Storage, and Grid Modernization
260 _bTaylor and Francis
260 _c2024
365 _a
365 _b320
856 _uhttp://www.taylorfrancis.com/books/9781032692173
942 _cEBOOK
999 _c1734446
_d1734446